00278pab a2200121 454500008004000000100001700040245003300057260000900090300001300099362000800112650002000120773001600140180718b2001 xxu||||| |||| 00| 0 eng d aRowson, Mike aThe people's health assembly c2001 ap.117-21 aMar aHealth services aDevelopment